000 00545nam a2200181Ia 4500
008 090123s9999 xx 000 0 und d
082 _b4143
_a891.463/शेळके
100 _aशेळके उध्दव ज.
245 _aनांदत घर
250 _a2
260 _bकुलकर्णी अ.अ.
_c1975
300 _a115
600 _aशेळके उध्दव ज.
630 _aनांदत घर
700 _aशेळके उध्दव ज.
730 _aनांदत घर
942 _cBOOK
999 _c42219
_d42219